Merchants of art (Record no. 2571)

MARC details
000 -CABECERA
campo de control de longitud fija 00759nam a2200229 a 4500
001 - NÚMERO DE CONTROL
campo de control BRCA_2832
005 - FECHA Y HORA DE LA ÚLTIMA TRANSACCIÓN
campo de control 20190320204005.0
008 - DATOS DE LONGITUD FIJA--INFORMACIÓN GENERAL
campo de control de longitud fija 091208s1961----nyua---###---#000-0#eng-u
050 #4 - SIGNATURA TOPOGRÁFICA DE LA BIBLIOTECA DEL CONGRESO
Número de clasificación N8660
Número de documento/Ítem .S45S4 1961
100 1# - ENTRADA PRINCIPAL--NOMBRE DE PERSONA
Nombre de persona Seligman, Germain
9 (RLIN) 7929
245 10 - MENCIÓN DE TÍTULO
Título Merchants of art
Resto del título 1880-1960, eighty years of professional collecting
Mención de responsabilidad, etc. Germain Seligman.
260 ## - PUBLICACIÓN, DISTRIBUCIÓN, ETC.
Lugar de publicación, distribución, etc. New York
Nombre del editor, distribuidor, etc. Appleton - Century Crofts
Fecha de publicación, distribución, etc. 1961
300 ## - DESCRIPCIÓN FÍSICA
Extensión 294 p.
Otras características físicas il.
Dimensiones 25 cm.
500 ## - NOTA GENERAL
Nota general Incluye índice de ilustraciones y notas de inventarios.
500 ## - NOTA GENERAL
Nota general AA118
600 14 - PUNTO DE ACCESO ADICIONAL DE MATERIA--NOMBRE DE PERSONA
Nombre de persona Seligman, Jacques
Fechas asociadas al nombre 1858-1923
9 (RLIN) 7930
650 14 - PUNTO DE ACCESO ADICIONAL DE MATERIA--TÉRMINO DE MATERIA
Término de materia o nombre geográfico como elemento de entrada Coleccionistas y colecciones
9 (RLIN) 7931
650 14 - PUNTO DE ACCESO ADICIONAL DE MATERIA--TÉRMINO DE MATERIA
Término de materia o nombre geográfico como elemento de entrada Marchands
9 (RLIN) 7443
650 14 - PUNTO DE ACCESO ADICIONAL DE MATERIA--TÉRMINO DE MATERIA
Término de materia o nombre geográfico como elemento de entrada Arte
Subdivisión general Coleccionistas y colecciones
9 (RLIN) 7445
902 ## - CATALOGADOR
Iniciales GFM
942 ## - ELEMENTOS DE PUNTO DE ACCESO ADICIONAL (KOHA)
Fuente del sistema de clasificación o colocación Library of Congress Classification
Tipo de ítem Koha Libros
Holdings
Estado de retiro Estado de pérdida Estado dañado No para préstamo Localización permanente Ubicación/localización actual Fecha de adquisición Número de inventario Total de préstamos Signatura topográfica completa Código de barras Fecha visto por última vez Precio válido a partir de Tipo de ítem Koha
El ejemplar forma parte de la colección y puede ser consultado según las políticas vigentes.       Biblioteca del Museo Franz Mayer (Rogerio Casas-Alatriste) Biblioteca del Museo Franz Mayer (Rogerio Casas-Alatriste) 09/12/2008 AA118   N8660 .S45S4 1961 (AA118) 2829 22/03/2019 22/03/2019 Libros